000 00654nam a2200289Ia 4500
005 20260324151007.0
008 008 260324s9999 xx 000 0 eng d
020 _a9781003031512
037 _aEBOOK
040 _aCRL
040 _beng
040 _cCRL
041 _2eng
041 _aeng
084 _qCRL
100 _aG. C. Field
_91227117
245 0 _aMoral Theory
245 3 _bAn Introduction to Ethics
260 _bTaylor and Francis
260 _c1921
365 _a
365 _b195
856 _uhttp://www.taylorfrancis.com/books/9781003031512
942 _cEBOOK
999 _c1838732
_d1838732